000 00450nam a2200157 i 4500
001 bg
245 0 _aProcedury w systemie zamówień publicznych /
_cPiotr T. Kubik.
260 _aGdańsk :
_bOśrodek Doradztwa i Doskonalenia Kadr,
_c1998.
300 _aSkoroszyt 241, [56] s. ;
_c33 cm.
650 9 _aZamówienia publiczne
040 _cBPK
041 _apl
080 _a351.712(438)
942 _cKA
008 s pl f |000 0 pol
999 _c24195
_d24195
856 _uhttp://koha.tu.koszalin.pl/cgi-bin/koha/opac-detail.pl?biblionumber=24195
_yKatalog online BPK